000 00881cab a22001935a 4500
001 L145904
008 081121e20081114xxkad f 000 0 eng d
035 _a(Sirsi) u145904
041 0 _aeng
100 1 _aUnger, Paul
245 0 0 _aRegional report
_bNorth-West
260 _c2008
490 0 _aProperty Week
_v74(46) 14 November 2008, 67-91(8)
520 _aReports on news and developments from around the region. Reveals that the north-west's new regional spatial strategy is now allowing new homes to be built, just as the housing market is declining. Finds rival developments competing for retail customers and that Cheshire councils mergers have put planning decisions on hold. Reports on the Regenerate!Manchester conference.
590 _aKA
651 4 _aNorth West (England)
_y1994-
690 _aPROPERTY-COMMERCIAL PROPERTY-COMMERCIAL PROPERTY MARKET
942 _n0
999 _c80972
_d80972